DELMAR`S FUNDAMENTALS OF ANATOMY & PHYSIOLOGY (WITH CD) / (Record no. 795756)

MARC details
000 -LEADER
fixed length control field 00460pam a2200169 a 4500
020 ## - INTERNATIONAL STANDARD BOOK NUMBER
International Standard Book Number 0766804984
Terms of availability 1220.00
041 ## - LANGUAGE CODE
Language code of text/sound track or separate title eng
Language code of original NULL
082 ## - DEWEY DECIMAL CLASSIFICATION NUMBER
Classification number 612
Item number RIZ
100 ## - MAIN ENTRY--PERSONAL NAME
Personal name RIZZO, D .
245 ## - TITLE STATEMENT
Title DELMAR`S FUNDAMENTALS OF ANATOMY & PHYSIOLOGY (WITH CD) /
Statement of responsibility, etc. NULL.
Medium Textual Documents
260 ## - PUBLICATION, DISTRIBUTION, ETC.
Place of publication, distribution, etc. NULL :
Name of publisher, distributor, etc. DELMAR`S ,
Date of publication, distribution, etc. 2000.
300 ## - PHYSICAL DESCRIPTION
Extent 476 :
Other physical details xvii ;
Dimensions NULL .
365 ## - TRADE PRICE
Price type code 1220.00
650 ## - SUBJECT ADDED ENTRY--TOPICAL TERM
Topical term or geographic name entry element PHYSIOLOGY
930 ## - EQUIVALENCE OR CROSS-REFERENCE-UNIFORM TITLE HEADING [LOCAL, CANADA]
Uniform title 1220
Holdings
Withdrawn status Lost status Damaged status Not for loan Home library Current library Date acquired Cost, normal purchase price Total Checkouts Full call number Barcode Date last seen Copy number Price effective from Koha item type
        Medical College & Hospital, Sangli Medical College & Hospital, Sangli 28/11/2011 1220.00   612 RIZ MCS-3553 26/07/2023 1 26/07/2023 Book